000 00331nam a22001337a 4500
008 181023b xxu||||| |||| 00| 0 eng d
020 _a9780132319133
041 _aeng
080 _26th
_a510
100 _a36
101 _aMAT
245 _aExcursions in Modern Mathematics with Mini-Excursions
_cTannenbaum,P
942 _2udc
_cBK
999 _c50591
_d50591